Statystyki dla Państwa, które zmieniły nazwę

Kliknij tutaj aby rozwiązać quiz!

Ogólne statystyki

  • Ten quiz został rozwiązany 123 razy
  • Średni wynik to 4 z 7

Statystyki odpowiedzi

Wcześniejsza nazwaAktualna nazwa% Poprawnych
MacedoniaMacedonia Północna
98%
BirmaMjanma
90%
SuaziEswatini
75%
CejlonSri Lanka
68%
ZairDemokratyczna Republika Konga
65%
Górna WoltaBurkina Faso
28%
DahomejBenin
23%

Rozkład punktacji

Percentyl według liczby udzielonych odpowiedzi

Procent ludzi z każdym wynikiem

Twoja historia wyników

Nie rozwiązałeś tego quizu